[Event "ICS Rated blitz match"]
[Site "204.178.125.65"]
[Date "2001.07.05"]
[Round "?"]
[White "Hossa"]
[Black "ChesterX"]
[Result "1/2-1/2"]
[WhiteElo "2556"]
[BlackElo "2820"]
[PlyCount "53"]
[EventDate "2001.??.??"]

1. Nf3 d5 2. b3 Bg4 3. e3 e5 4. Be2 Bd6 5. d4 Bxf3 6. Bxf3 e4 7. Bh5 Nf6 8. Be2
Nbd7 9. c4 dxc4 10. bxc4 c5 11. Nc3 O-O 12. O-O b6 13. d5 Qe7 14. Bb2 a6 15.
Qc2 Rfe8 16. a4 Qe5 17. g3 Qf5 18. f3 Qh3 19. Nxe4 Nxe4 20. fxe4 Bxg3 21. hxg3
Qxg3+ 22. Kh1 Qh3+ 23. Kg1 Qg3+ 24. Kh1 Qh3+ 25. Kg1 Qg3+ 26. Kh1 Qh3+ 27. Kg1
{Game drawn by repetition} 1/2-1/2

[Event "ICS rated blitz match"]
[Site "204.178.125.65"]
[Date "2001.07.05"]
[Round "?"]
[White "ChesterX"]
[Black "Hossa"]
[Result "1-0"]
[WhiteElo "2810"]
[BlackElo "2566"]
[PlyCount "135"]
[EventDate "2001.??.??"]

1. Nf3 d5 2. g3 c5 3. Bg2 Nc6 4. d3 e5 5. O-O Nf6 6. Na3 Be7 7. e4 dxe4 8. dxe4
Qxd1 9. Rxd1 Bg4 10. h3 Bxf3 11. Bxf3 Nd4 12. Bg2 Ne2+ 13. Kf1 Nxc1 14. Raxc1
Nd7 15. Nb5 Rc8 16. Nxa7 Ra8 17. Nb5 Rxa2 18. Rd5 Nb6 19. Rxe5 Nc4 20. Rd5 Rxb2
21. Nc7+ Kf8 22. Rd7 Nb6 23. Rdd1 Nc4 24. Bf3 Bf6 25. Be2 Nb6 26. Rb1 Ke7 27.
Rxb2 Bxb2 28. Rb1 Kd7 29. Nd5 Nxd5 30. exd5 Be5 31. Rxb7+ Bc7 32. Ra7 Kd6 33.
c4 Rb8 34. Bd3 g6 35. Ke2 f5 36. f4 h6 37. g4 Rb2+ 38. Kf3 Rb3 39. Ke3 fxg4 40.
hxg4 h5 41. f5 gxf5 42. gxh5 Bd8 43. h6 Bg5+ 44. Ke2 Rb2+ 45. Kf1 Ke5 46. h7
Rb8 47. Ke2 Re8 48. Kf3 Bf6 49. Ra2 Rf8 50. Re2+ Kd4 51. Bxf5 Kxc4 52. d6 Kd5
53. Kf4 Rb8 54. d7 Kc6 55. Re6+ Kxd7 56. Rxf6+ Kc7 57. Rg6 Rh8 58. Rg8 Rxh7 59.
Bxh7 Kb7 60. Ke5 Kc7 61. Rg7+ Kb6 62. Kd5 c4 63. Bf5 Kb5 64. Rb7+ Ka6 65. Bc8
c3 66. Kc5 c2 67. Rc7+ Ka5 68. Ra7# {Hossa checkmated} 1-0

[Event "ICS Rated blitz match"]
[Site "204.178.125.65"]
[Date "2001.07.05"]
[Round "?"]
[White "Amateur"]
[Black "Hossa"]
[Result "0-1"]
[WhiteElo "2531"]
[BlackElo "2560"]
[PlyCount "114"]
[EventDate "2001.??.??"]

1. d4 e6 2. c4 b6 3. e4 d5 4. exd5 exd5 5. cxd5 Nf6 6. Bb5+ Bd7 7. Bc4 b5 8.
Qe2+ Be7 9. Bxb5 O-O 10. Nf3 Bb4+ 11. Bd2 Bxd2+ 12. Nbxd2 Bxb5 13. Qxb5 Qe8+
14. Qxe8 Rxe8+ 15. Ne5 Nxd5 16. O-O f6 17. Nd3 Nc6 18. Nb3 a5 19. Rfc1 Re6 20.
Rc5 Rd6 21. a4 Nb6 22. Nf4 Nxd4 23. Nxd4 Rxd4 24. Nh5 Rad8 25. f4 R8d5 26. Rxd5
Nxd5 27. Re1 Rxa4 28. f5 Rb4 29. Re2 a4 30. Rd2 c6 31. Ng3 Ne3 32. Rd3 Nc2 33.
Rd8+ Kf7 34. Rd7+ Kf8 35. Ra7 Ne3 36. Ra8+ Ke7 37. Ra7+ Kd6 38. Rxg7 Rxb2 39.
Ne4+ Ke5 40. Nc5 a3 41. Nd3+ Kd4 42. Nxb2 axb2 43. Rb7 Kc3 44. Rb6 c5 45. Rb5
Nd5 46. Rxb2 Kxb2 47. g4 c4 48. h3 c3 49. g5 fxg5 50. Kg2 c2 51. h4 c1=Q 52.
hxg5 Qxg5+ 53. Kf2 Qxf5+ 54. Kg2 Ne3+ 55. Kg3 Qf6 56. Kh2 Qf3 57. Kg1 Qg2# {
Amateur checkmated} 0-1

[Event "ICS Rated blitz match"]
[Site "204.178.125.65"]
[Date "2001.07.05"]
[Round "?"]
[White "Hossa"]
[Black "Amateur"]
[Result "1-0"]
[WhiteElo "2575"]
[BlackElo "2516"]
[PlyCount "161"]
[EventDate "2001.??.??"]

1. d4 Nf6 2. c4 e6 3. Nc3 Bb4 4. Qc2 O-O 5. e4 Bxc3+ 6. bxc3 d6 7. Bd3 e5 8.
Ne2 exd4 9. cxd4 Nc6 10. Bd2 Rb8 11. O-O Bd7 12. Rab1 Qe7 13. Bg5 h6 14. Bh4 a5
15. a3 Rfe8 16. f3 b6 17. Rb2 Rb7 18. Qc1 Na7 19. Rd1 Kh8 20. Nc3 Qe6 21. Re1
Nh5 22. Nd5 Nc6 23. Qc3 Rg8 24. Rd1 Re8 25. c5 dxc5 26. dxc5 Reb8 27. cxb6 cxb6
28. Ba6 Ra7 29. Bc4 Qe5 30. Qc1 Be6 31. Nxb6 Nf4 32. Bg3 Qc5+ 33. Bf2 Qxa3 34.
Bxe6 Nxe6 35. Nc4 Qe7 36. Ne5 Nb4 37. Bxa7 Qxa7+ 38. Kh1 f6 39. Rd7 Qc5 40.
Qxc5 Nxc5 41. Rc7 Ne6 42. Nd7 Rd8 43. Rb7 Rc8 44. Rb1 Rc2 45. e5 fxe5 46. Nxe5
Nf4 47. g3 Nh3 48. f4 Nf2+ 49. Kg2 Ne4+ 50. Kh3 Nf2+ 51. Kh4 Ne4 52. Rh1 Kh7
53. Rd7 a4 54. Ng4 Nc5 55. Ra7 Nc6 56. Ra8 Rc4 57. Rd1 Nb3 58. Ne3 Re4 59. Nd5
Nba5 60. g4 Re2 61. Nf6+ Kg6 62. Ne8 Re7 63. f5+ Kh7 64. Ra1 Re2 65. Kg3 Re4
66. f6 Re3+ 67. Kf2 Re4 68. Kf3 Rb4 69. Rxa5 Nxa5 70. f7 Rb3+ 71. Kf2 Rb2+ 72.
Ke1 Rb4 73. f8=Q Rb7 74. Rxa4 Nc6 75. Qf5+ Kh8 76. Ra8 Nd8 77. Rxd8 Re7+ 78.
Kf2 Re2+ 79. Kxe2 g5 80. Qe5+ Kh7 81. Qg7# {Amateur checkmated} 1-0

[Event "ICS Rated blitz match"]
[Site "204.178.125.65"]
[Date "2001.07.05"]
[Round "?"]
[White "Amateur"]
[Black "Hossa"]
[Result "0-1"]
[WhiteElo "2503"]
[BlackElo "2588"]
[PlyCount "154"]
[EventDate "2001.??.??"]

1. e4 e6 2. d4 d5 3. Nd2 Nc6 4. Ngf3 Nf6 5. e5 Nd7 6. Nb3 a5 7. a4 Be7 8. Bb5
Na7 9. Bxd7+ Qxd7 10. Nxa5 b6 11. Nb3 Ba6 12. Bg5 f6 13. exf6 gxf6 14. Bf4 Nc6
15. c3 O-O 16. Bh6 Rf7 17. Nh4 e5 18. Qf3 exd4 19. Nxd4 Nxd4 20. cxd4 Bb4+ 21.
Kd1 Re8 22. Qg3+ Kh8 23. Kc1 Re4 24. Ra2 Rxd4 25. Nf3 Rc4+ 26. Kb1 Rg4 27. Qh3
Bc4 28. b3 Bxb3 29. Re2 Bc4 30. Re3 Bc5 31. Rc3 Qxa4 32. Nd2 Ba2+ 33. Kc1 Rg6
34. f4 Bb4 35. Rc2 Bxd2+ 36. Rxd2 f5 37. Qc3+ Kg8 38. Kb2 Rxh6 39. Ra1 Qb5+ 40.
Kxa2 c6 41. Qa3 Qc4+ 42. Kb1 Qxf4 43. Rc2 Rxh2 44. Qa8+ Kg7 45. Ra4 Qf1+ 46.
Kb2 Rxg2 47. Qxc6 Rxc2+ 48. Qxc2 Qb5+ 49. Ka2 d4 50. Qd1 Rd7 51. Ka1 d3 52. Ra2
d2 53. Qg1+ Kf7 54. Rxd2 Qa4+ 55. Ra2 Rd1+ 56. Qxd1 Qxd1+ 57. Kb2 Qd2+ 58. Kb1
Qxa2+ 59. Kxa2 f4 60. Kb2 f3 61. Kb3 f2 62. Kc3 f1=B 63. Kd2 Ke6 64. Ke1 Kd5
65. Kxf1 h5 66. Ke2 Ke4 67. Kd2 b5 68. Ke1 h4 69. Kf2 b4 70. Ke1 Ke3 71. Kd1 h3
72. Kc2 h2 73. Kb3 Kd4 74. Kb2 h1=Q 75. Kb3 Qb1+ 76. Ka4 Kc5 77. Ka5 Qa1# {
Amateur checkmated} 0-1

[Event "ICS Rated blitz match"]
[Site "204.178.125.65"]
[Date "2001.07.05"]
[Round "?"]
[White "Hossa"]
[Black "QueenMaxima"]
[Result "1-0"]
[WhiteElo "2600"]
[BlackElo "2607"]
[PlyCount "111"]
[EventDate "2001.??.??"]

1. d4 Nf6 2. c4 g6 3. Nc3 d5 4. Nf3 Bg7 5. Qb3 c6 6. cxd5 Nxd5 7. e4 Nb6 8. Be2
Bxd4 9. Nxd4 Qxd4 10. O-O Be6 11. Qc2 N8d7 12. Be3 Qf6 13. Rfd1 Bc4 14. Bg4 h5
15. Bh3 Rd8 16. Qd2 Be6 17. Bg5 Qe5 18. Bf4 Qf6 19. Bc7 Nc4 20. Qe2 Bxh3 21.
Bxd8 Qg5 22. g3 Qc5 23. Na4 Qb5 24. Bc7 Bg4 25. f3 Nce5 26. Qxb5 Nxf3+ 27. Kg2
cxb5 28. Nc5 Nfe5 29. Nxd7 Nxd7 30. Rd5 a6 31. h3 Be6 32. Rd4 f5 33. exf5 Bxf5
34. g4 hxg4 35. hxg4 Rh4 36. Kg3 g5 37. Re1 Bg6 38. Bf4 Rh7 39. Bxg5 e5 40. Rd6
Rg7 41. Rc1 Bf5 42. Rc8+ Kf7 43. gxf5 Rxg5+ 44. Kh4 Rxf5 45. Rc7 Ke8 46. Rdxd7
Rf2 47. Rh7 Kd8 48. Rxb7 Kc8 49. Rbe7 Kd8 50. Rd7+ Kc8 51. Rc7+ Kd8 52. Kg3 Rf8
53. Ra7 Rg8+ 54. Kh3 Rg3+ 55. Kxg3 b4 56. Rh8# {QueenMaxima checkmated} 1-0

[Event "ICS Rated blitz match"]
[Site "204.178.125.65"]
[Date "2001.07.05"]
[Round "?"]
[White "QueenMaxima"]
[Black "Hossa"]
[Result "1/2-1/2"]
[WhiteElo "2591"]
[BlackElo "2616"]
[PlyCount "198"]
[EventDate "2001.??.??"]

1. d4 Nf6 2. c4 e6 3. Nc3 Bb4 4. Qc2 d5 5. cxd5 Qxd5 6. Nf3 Qf5 7. Qd1 Ne4 8.
Bd2 Nxd2 9. Qxd2 O-O 10. e3 Bd7 11. Bd3 Qg4 12. O-O Nc6 13. h3 Qh5 14. a3 Bd6
15. Ne4 f5 16. Nxd6 cxd6 17. Be2 f4 18. e4 Qg6 19. Bd3 e5 20. Bc4+ Kh8 21. d5
Ne7 22. Qd3 Rac8 23. Rfc1 b5 24. Bxb5 Bxb5 25. Qxb5 Qxe4 26. Qd7 Rce8 27. Qxd6
Qxd5 28. Qxe5 Qxe5 29. Nxe5 Nd5 30. Re1 Kg8 31. Rad1 Ne3 32. fxe3 Rxe5 33. exf4
Rxe1+ 34. Rxe1 Rxf4 35. Rc1 h6 36. b3 Rf6 37. Rc7 a6 38. h4 Kh7 39. Ra7 Rb6 40.
b4 Kg6 41. g4 Kf6 42. Kf2 Rc6 43. h5 Rc2+ 44. Ke1 Rc6 45. Ke2 g5 46. Kd3 Ke5
47. Rf7 Rd6+ 48. Ke3 Kd5 49. Rc7 Re6+ 50. Kd3 Ke5 51. Rc4 Rf6 52. Ke3 Kd6 53.
Rc8 Kd7 54. Ra8 Kc7 55. Ke4 Kb6 56. Rh8 Kb5 57. Ke5 Rc6 58. Kd5 Rf6 59. Rh7 Ka4
60. Ra7 Kb5 61. Rc7 Ka4 62. Rc3 Rf4 63. Rg3 Rf2 64. Re3 Rg2 65. Re6 Kxa3 66.
Rxh6 Rxg4 67. Rb6 Kb3 68. h6 Rf4 69. Rxa6 Kxb4 70. h7 Rh4 71. Ra7 g4 72. Rb7+
Kc3 73. Rc7+ Kd3 74. Rd7 Ke3 75. Re7+ Kd3 76. Rd7 Ke3 77. Re7+ Kd3 78. Rf7 Rh5+
79. Kc6 Rh6+ 80. Kd5 Rh5+ 81. Ke6 Ke4 82. Re7 Rh6+ 83. Kf7+ Kf5 84. Kg8 g3 85.
h8=Q Rxh8+ 86. Kxh8 Kg4 87. Rg7+ Kf3 88. Rf7+ Ke3 89. Re7+ Kf2 90. Rd7 g2 91.
Rf7+ Kg3 92. Rg7+ Kf2 93. Rg8 Kf3 94. Kh7 Kf2 95. Rf8+ Kg3 96. Rg8+ Kf2 97.
Rf8+ Kg3 98. Rg8+ Kf2 99. Rf8+ Kg3 {Game drawn by repetition} 1/2-1/2

[Event "ICS rated blitz match"]
[Site "204.178.125.65"]
[Date "2001.07.05"]
[Round "?"]
[White "Hossa"]
[Black "ChesterX"]
[Result "0-1"]
[WhiteElo "2615"]
[BlackElo "2816"]
[PlyCount "152"]
[EventDate "2001.??.??"]

1. d4 f5 2. g3 Nf6 3. Bg2 g6 4. Nf3 Bg7 5. O-O O-O 6. b3 Ne4 7. c3 Nc6 8. Qc2
a5 9. Rd1 d5 10. a4 e6 11. Nbd2 Qf6 12. Ba3 Rd8 13. Bh3 e5 14. Nxe5 Nxe5 15.
Nxe4 fxe4 16. dxe5 Qxe5 17. Bxc8 Raxc8 18. Rac1 c5 19. Qd2 c4 20. b4 axb4 21.
Bxb4 Rd7 22. Rb1 Ra8 23. a5 Rad8 24. Rf1 d4 25. cxd4 Qxd4 26. Qc2 Rd5 27. Be7
R8d7 28. Bb4 c3 29. Rb3 Rc7 30. Rbb1 e3 31. Kg2 Qc4 32. a6 bxa6 33. Ba3 Rd2 34.
Rb8+ Kf7 35. fxe3+ Ke6 36. Qb3 Rxe2+ 37. Kg1 Qxb3 38. Rxb3 c2 39. Rb6+ Kd5 40.
Rxa6 Rxe3 41. Ra5+ Kc4 42. Bd6 Rc6 43. Bf4 Re2 44. Ra4+ Kd5 45. Kh1 Bd4 46. Bc1
Rd6 47. Ra8 Rf6 48. Rd8+ Kc6 49. Bf4 Bb6 50. Rb8 Rd2 51. Rc8+ Kd7 52. Rc3 g5
53. Rc1 Rd1+ 54. Kg2 gxf4 55. R3xc2 f3+ 56. Kh3 Rh6+ 57. Kg4 Rxc1 58. Rxc1 f2
59. Rd1+ Ke7 60. Rf1 Rxh2 61. Kf3 h5 62. Kf4 Rg2 63. Kf3 Rg1 64. Rxf2 Bxf2 65.
Kxf2 Rc1 66. Ke3 Rc3+ 67. Kf4 Kd6 68. g4 hxg4 69. Kxg4 Ke5 70. Kg5 Rg3+ 71. Kh4
Rg1 72. Kh5 Kf4 73. Kh6 Kf5 74. Kh7 Kf6 75. Kh8 Kf7 76. Kh7 Rh1# {
Hossa checkmated} 0-1

[Event "ICS rated bullet match"]
[Site "204.178.125.65"]
[Date "2001.07.05"]
[Round "?"]
[White "Deveraux"]
[Black "Hossa"]
[Result "1-0"]
[WhiteElo "2748"]
[BlackElo "2606"]
[PlyCount "77"]
[EventDate "2001.??.??"]

1. c4 c5 2. g3 g6 3. Bg2 Bg7 4. Nc3 Nc6 5. a3 b6 6. e3 Nh6 7. b4 Bb7 8. b5 Na5
9. Bxb7 Nxb7 10. Bb2 Na5 11. d3 d6 12. h4 Qd7 13. h5 O-O-O 14. Rb1 Kb8 15. Nd5
Bxb2 16. Rxb2 Rde8 17. Rd2 Qg4 18. Nf3 gxh5 19. Rh4 Qf5 20. e4 Qg6 21. Nf4 Qg8
22. Rxh5 Qg7 23. Rg5 Qc3 24. Nd5 Qxa3 25. Qb1 Nb3 26. Rb2 Nd4 27. Nd2 Qa5 28.
Kf1 e6 29. Ra2 exd5 30. Rxa5 bxa5 31. Rxd5 Rd8 32. Nb3 Nxb3 33. Qxb3 Ng4 34.
Qa4 Ne5 35. Qxa5 Rd7 36. b6 Nf3 37. Rxd6 Rxd6 38. Qxa7+ Kc8 39. Qc7# {
Hossa checkmated} 1-0

[Event "ICS Rated blitz match"]
[Site "204.178.125.65"]
[Date "2001.07.05"]
[Round "?"]
[White "Hossa"]
[Black "Deveraux"]
[Result "0-1"]
[WhiteElo "2607"]
[BlackElo "2856"]
[PlyCount "60"]
[EventDate "2001.??.??"]

1. d4 d5 2. c4 c6 3. e3 Bf5 4. Nf3 e6 5. cxd5 cxd5 6. Nc3 Nc6 7. Bd2 Nf6 8. Rc1
Bd6 9. Nb5 Bb8 10. Nh4 Bg4 11. Be2 Ne4 12. Nf3 O-O 13. O-O a6 14. Nc3 f5 15. h3
Bxf3 16. Bxf3 Qd6 17. g3 Nxg3 18. fxg3 Qxg3+ 19. Bg2 Qh2+ 20. Kf2 Bg3+ 21. Kf3
f4 22. Nxd5 exd5 23. Bh1 Rae8 24. Rxc6 Bh4 25. Re6 Rxe6 26. Qe1 Bxe1 27. Bg2
Rxe3+ 28. Bxe3 Qg3+ 29. Ke2 Qxe3+ 30. Kd1 Qd2# {Hossa checkmated} 0-1

[Event "ICS rated blitz match"]
[Site "204.178.125.65"]
[Date "2001.07.05"]
[Round "?"]
[White "TacticalFish"]
[Black "Hossa"]
[Result "0-1"]
[WhiteElo "2050"]
[BlackElo "2601"]
[PlyCount "54"]
[EventDate "2001.??.??"]

1. d4 Nf6 2. c4 e6 3. a3 d5 4. e3 dxc4 5. Bxc4 Be7 6. Nf3 O-O 7. O-O b6 8. b4
Bb7 9. Bb2 a5 10. b5 Nbd7 11. a4 Bb4 12. Bc3 Ne4 13. Bxb4 axb4 14. Qe1 Qe7 15.
Nbd2 Nc3 16. Nb3 Bxf3 17. gxf3 Nxa4 18. Rd1 Nc3 19. Rd3 Nxb5 20. Bxb5 Qg5+ 21.
Kh1 Qxb5 22. Qd1 c5 23. dxc5 Ne5 24. Rd6 bxc5 25. f4 Nc4 26. Rd7 Nb2 27. Qd6
Qxf1# {TacticalFish checkmated} 0-1

[Event "ICS Rated blitz match"]
[Site "204.178.125.65"]
[Date "2001.07.05"]
[Round "?"]
[White "Hossa"]
[Black "ChesterX"]
[Result "0-1"]
[WhiteElo "2602"]
[BlackElo "2816"]
[PlyCount "75"]
[EventDate "2001.??.??"]

1. d4 c5 2. e4 cxd4 3. c3 g6 4. cxd4 d5 5. exd5 Nf6 6. Bb5+ Nbd7 7. d6 exd6 8.
Qe2+ Qe7 9. Nc3 Bg7 10. Qxe7+ Kxe7 11. Nge2 Re8 12. O-O Kf8 13. Bf4 d5 14. Be5
a6 15. Bxf6 Bxf6 16. Bxd7 Bxd7 17. Nxd5 Rxe2 18. Nxf6 Rd8 19. b3 Kg7 20. Nxd7
Rxd7 21. Rfd1 Re4 22. Kf1 Rexd4 23. Rxd4 Rxd4 24. Ke2 Kf6 25. Rc1 Rd7 26. f4
Ke6 27. a3 f5 28. h3 h5 29. g3 Rd4 30. Rc7 h4 31. Rxb7 hxg3 32. Kf3 Rd3+ 33.
Kg2 g5 34. fxg5 f4 35. Rb6+ Kf5 36. Rb8 Rd2+ 37. Kg1 Re2 38. Rf8+ {
Hossa resigns} 0-1

[Event "ICS Rated blitz match"]
[Site "204.178.125.65"]
[Date "2001.07.05"]
[Round "?"]
[White "ChesterX"]
[Black "Hossa"]
[Result "1/2-1/2"]
[WhiteElo "2829"]
[BlackElo "2595"]
[PlyCount "265"]
[EventDate "2001.??.??"]

1. Nf3 d5 2. g3 Nf6 3. Bg2 d4 4. c3 dxc3 5. Nxc3 e6 6. O-O Be7 7. d4 O-O 8. e4
b6 9. Bf4 Ba6 10. Re1 Nbd7 11. Qa4 Nb8 12. Rac1 Nh5 13. Be3 Bb7 14. d5 exd5 15.
Nxd5 Bxd5 16. exd5 Nf6 17. Nd4 Bd6 18. Nb5 Nbd7 19. Qc2 a6 20. Nxd6 cxd6 21.
Bf4 Rc8 22. Qxc8 Qxc8 23. Rxc8 Rxc8 24. Bxd6 Rc2 25. Ba3 Rd2 26. Kf1 Nc5 27.
Re7 g6 28. Ke1 Rd4 29. Bxc5 bxc5 30. a3 Nxd5 31. Re5 Nb6 32. Rxc5 Nc4 33. Rc6
a5 34. Rc5 Nxb2 35. Rxa5 Rd6 36. Bd5 Kg7 37. Ke2 f5 38. f4 Kf6 39. Ke3 g5 40.
fxg5+ Kxg5 41. Kd4 Rh6 42. Be4 Rxh2 43. Rxf5+ Kg4 44. Rf7 Kxg3 45. Rxh7 Re2 46.
Rg7+ Kf4 47. Rf7+ Kg5 48. Rf5+ Kh4 49. Rc5 Re1 50. Bc2 Rc1 51. Rc3 Kg5 52. Rc6
Kf4 53. Rc7 Kg3 54. Rc8 Kf4 55. Rf8+ Kg4 56. Bb3 Kg3 57. Rf5 Ra1 58. Ra5 Rc1
59. Ra6 Kh4 60. Ra7 Kg5 61. Re7 Ra1 62. Rg7+ Kf4 63. Ra7 Rc1 64. Rf7+ Kg5 65.
Rf3 Kg4 66. Rf6 Ra1 67. Ra6 Rc1 68. Rg6+ Kf4 69. Rg8 Rc7 70. Rf8+ Kg3 71. Rf7
Rc1 72. Rg7+ Kf4 73. Bg8 Rd1+ 74. Kc3 Na4+ 75. Kc4 Nb2+ 76. Kb4 Nd3+ 77. Kc3
Nc5 78. Kc4 Ne4 79. a4 Rc1+ 80. Kb4 Rb1+ 81. Ka5 Nc5 82. Bd5 Nxa4 83. Kxa4 Rd1
84. Bb3 Rd8 85. Kb4 Ke3 86. Kc5 Rc8+ 87. Kd5 Ra8 88. Re7+ Kd3 89. Bc4+ Kd2 90.
Kd4 Rd8+ 91. Bd5 Kc1 92. Rg7 Kd2 93. Rg2+ Kc1 94. Kc4 Rc8+ 95. Kd3 Rd8 96. Rg5
Kb2 97. Rf5 Rd7 98. Re5 Rg7 99. Re2+ Kc1 100. Rc2+ Kb1 101. Ba2+ Ka1 102. Bc4
Rg3+ 103. Kd4 Ra3 104. Bd5 Rg3 105. Be6 Rf3 106. Re2 Kb1 107. Bd5 Rg3 108. Rf2
Kc1 109. Be6 Kd1 110. Ra2 Ke1 111. Bd5 Kf1 112. Rh2 Ke1 113. Rc2 Kd1 114. Ra2
Kc1 115. Rf2 Rg5 116. Be4 Kd1 117. Kd3 Kc1 118. Rc2+ Kb1 119. Kd4 Ka1 120. Bd3
Ra5 121. Rc1+ Ka2 122. Kc3 Ra3+ 123. Kc2 Ra4 124. Rb1 Rd4 125. Rb6 Ka3 126. Kc3
Rh4 127. Rb1 Rh2 128. Bf1 Rf2 129. Bc4 Rf3+ 130. Bd3 Rf2 131. Rb3+ Ka2 132. Rb7
Rf4 133. Ra7+ {Game drawn by the 50 move rule} 1/2-1/2

[Event "ICS rated bullet match"]
[Site "204.178.125.65"]
[Date "2001.07.05"]
[Round "?"]
[White "Hossa"]
[Black "ChesterX"]
[Result "0-1"]
[WhiteElo "2596"]
[BlackElo "2574"]
[PlyCount "54"]
[EventDate "2001.??.??"]

1. Nf3 g6 2. g3 Bg7 3. e4 Nf6 4. e5 Nd5 5. c4 Nb4 6. d4 O-O 7. Bd2 a5 8. Bh3
Nd3+ 9. Ke2 Nxb2 10. Qc2 Nxc4 11. Qxc4 d5 12. exd6 Bxh3 13. dxc7 Qc8 14. Nc3
Nc6 15. Nb5 Qg4 16. Qd5 e5 17. dxe5 Nxe5 18. Rac1 Bg2 19. Nbd4 Nxf3 20. Nxf3
Rae8+ 21. Be3 Re4 22. Kd2 Bxf3 23. h3 Qc8 24. Qc5 Qd7+ 25. Ke1 Qd3 26. Qxf8+
Bxf8 27. c8=Q Qe2# {Hossa checkmated} 0-1

[Event "ICS Rated standard match"]
[Site "204.178.125.65"]
[Date "2001.07.05"]
[Round "?"]
[White "EroeInrico"]
[Black "Hossa"]
[Result "0-1"]
[WhiteElo "2246"]
[BlackElo "2381"]
[PlyCount "112"]
[EventDate "2001.??.??"]

1. e4 e6 2. d3 c5 3. Nc3 Be7 4. g3 d5 5. Bg2 dxe4 6. Nxe4 Nf6 7. Ne2 Nxe4 8.
Bxe4 O-O 9. O-O Nd7 10. Be3 Nf6 11. Bg2 e5 12. h3 Be6 13. Nc3 Qd7 14. Kh2 Rfe8
15. Re1 Bf5 16. Qf3 Rab8 17. Rad1 Be6 18. a3 Qd6 19. Ne4 Nxe4 20. dxe4 Qc7 21.
Bf1 Rf8 22. g4 Rfd8 23. Qe2 b5 24. f3 Bh4 25. Bf2 Qe7 26. Kg2 Rd4 27. c3 Rxd1
28. Rxd1 Bb3 29. Rd2 h5 30. Bxh4 Qxh4 31. Rd6 hxg4 32. hxg4 a5 33. Rc6 c4 34.
Ra6 a4 35. Rd6 g6 36. Rd2 Kg7 37. Qe3 Rh8 38. Qg1 Qh6 39. Rd7 Bc2 40. Kf2 Bd3
41. Bxd3 Qd2+ 42. Kg3 cxd3 43. Re7 Qxb2 44. Rxe5 Rd8 45. Qb6 Qxc3 46. Rc5 Qe1+
47. Kf4 Qd2+ 48. Kg3 Rh8 49. Rh5 gxh5 50. gxh5 Qg5+ 51. Kf2 Rxh5 52. Qd4+ Kh7
53. Qxd3 Rh2+ 54. Ke1 Qc1+ 55. Qd1 Qe3+ 56. Qe2 Qxe2# {EroeInrico checkmated}
0-1

[Event "ICS Rated blitz match"]
[Site "204.178.125.65"]
[Date "2001.07.05"]
[Round "?"]
[White "Hossa"]
[Black "Tinker"]
[Result "1-0"]
[WhiteElo "2604"]
[BlackElo "2555"]
[PlyCount "81"]
[EventDate "2001.??.??"]

1. d4 Nf6 2. c4 e6 3. Nc3 Bb4 4. e3 O-O 5. Bd3 d5 6. Nf3 c5 7. O-O Nc6 8. a3
Bxc3 9. bxc3 Qc7 10. cxd5 exd5 11. a4 Re8 12. dxc5 Ne5 13. Nxe5 Qxe5 14. Bb5
Re6 15. Bb2 Re7 16. Be2 Be6 17. Qc1 Qg5 18. c4 Ne8 19. Rd1 dxc4 20. Bxc4 Bh3
21. Bd5 Rc8 22. Qc4 Rd7 23. f4 Qg6 24. Be4 Rxd1+ 25. Rxd1 Bf5 26. Bxb7 Rb8 27.
c6 Bh3 28. Rd2 Rd8 29. f5 Qg5 30. Qe4 Bxg2 31. Rxg2 Rd1+ 32. Kf2 Nd6 33. Rxg5
Nxe4+ 34. Kf3 Nxg5+ 35. Kf4 Nh3+ 36. Kg3 Rd2 37. c7 Rc2 38. c8=R+ Rxc8 39. Bxc8
Ng5 40. Bb7 f6 41. Bd4 {Tinker resigns} 1-0

[Event "ICS rated blitz match"]
[Site "204.178.125.65"]
[Date "2001.07.05"]
[Round "?"]
[White "ChesterX"]
[Black "Hossa"]
[Result "1-0"]
[WhiteElo "2838"]
[BlackElo "2618"]
[PlyCount "129"]
[EventDate "2001.??.??"]

1. e4 e6 2. Nc3 d5 3. Nf3 dxe4 4. Nxe4 Be7 5. d4 Nf6 6. Bd3 Nxe4 7. Bxe4 c5 8.
O-O f5 9. Bd3 cxd4 10. Bb5+ Nc6 11. Nxd4 Bd7 12. Bxc6 Bxc6 13. Nxe6 Qxd1 14.
Rxd1 Kf7 15. Nd4 Bd7 16. Be3 Rhe8 17. Nf3 Ba4 18. b3 Bc6 19. Ne5+ Ke6 20. Nxc6
bxc6 21. Rd3 c5 22. Re1 Kf6 23. Kf1 a5 24. Rc3 Rec8 25. Bg5+ Kxg5 26. Rxe7 Kf6
27. Rb7 a4 28. Rb5 axb3 29. axb3 Re8 30. g3 Re6 31. Rcxc5 g6 32. Ra5 Rd8 33.
Rd5 Rb8 34. Kg2 Rc6 35. Rd2 g5 36. Rdd5 f4 37. Rf5+ Ke6 38. Rae5+ Kd6 39. c4
f3+ 40. Kh3 Rxb3 41. c5+ Kc7 42. Re7+ Kb8 43. Rxh7 Rb5 44. Kg4 Rbxc5 45. Rxf3
Rc8 46. Rb3+ Ka8 47. Rg7 Rh8 48. Rxg5 Rxg5+ 49. Kxg5 Rxh2 50. f4 Rh8 51. f5
Rg8+ 52. Kh6 Ka7 53. f6 Rc8 54. f7 Rf8 55. Kg7 Rc8 56. f8=Q Rxf8 57. Kxf8 Ka6
58. g4 Ka5 59. g5 Ka4 60. Rb7 Ka5 61. g6 Ka6 62. Rb2 Ka7 63. g7 Ka8 64. g8=Q
Ka7 65. Qa2# {Hossa checkmated} 1-0

[Event "ICS rated standard match"]
[Site "204.178.125.65"]
[Date "2001.07.05"]
[Round "?"]
[White "Hossa"]
[Black "deadflower"]
[Result "0-1"]
[WhiteElo "2391"]
[BlackElo "2282"]
[PlyCount "110"]
[EventDate "2001.??.??"]

1. d4 Nf6 2. c4 g6 3. Nc3 Bg7 4. e4 d6 5. Nf3 O-O 6. Be2 e5 7. O-O Nc6 8. d5
Ne7 9. Nd2 Nd7 10. Nb3 f5 11. f3 f4 12. Bd2 g5 13. Be1 Ng6 14. Bf2 Nf6 15. c5
Rf7 16. Na5 h5 17. Qb3 g4 18. Nxb7 Qe7 19. cxd6 cxd6 20. Na5 Nh7 21. Nc6 Qg5
22. Nb5 Bf8 23. Bxa7 g3 24. hxg3 fxg3 25. Rfc1 Nf4 26. Rc2 Qh4 27. Bc4 Raxa7
28. Qe3 Ra8 29. Kf1 Ng5 30. Qg1 Nxe4 31. b3 Ng5 32. Nxe5 dxe5 33. d6 Be6 34.
Ke1 Rd8 35. Bxe6 Ngxe6 36. Rd1 Rfd7 37. Rcd2 e4 38. fxe4 Ng6 39. a3 Ne5 40. a4
Bg7 41. Re2 Nf4 42. Red2 Bh6 43. Qf1 Rf8 44. Rd4 Ne6 45. Qg1 Rf2 46. Nc3 Nxd4
47. Rxd4 Qf4 48. Ne2 Qe3 49. Qxf2 Qxf2+ 50. Kd1 Qxg2 51. Rd2 Bxd2 52. Nxg3 Bf4
53. Ne2 Rxd6+ 54. Kc2 Qxe2+ 55. Kc3 Qd2# {Hossa checkmated} 0-1

[Event "ICS rated standard match"]
[Site "204.178.125.65"]
[Date "2001.07.05"]
[Round "?"]
[White "deadflower"]
[Black "Hossa"]
[Result "0-1"]
[WhiteElo "2370"]
[BlackElo "2386"]
[PlyCount "90"]
[EventDate "2001.??.??"]

1. e4 c5 2. Nf3 d6 3. d4 Nf6 4. Nc3 cxd4 5. Nxd4 Nc6 6. Be3 e5 7. Nb3 Be6 8.
Be2 Be7 9. Bf3 O-O 10. O-O Bc4 11. Re1 Qd7 12. Kh1 Nb4 13. a3 Nc6 14. Rg1 Rfd8
15. Nd5 Nxd5 16. exd5 Nb8 17. Nd2 Ba6 18. g4 Qc7 19. Be4 Nd7 20. g5 Nc5 21. Rg3
Nxe4 22. Nxe4 Rdc8 23. Rc1 Qc4 24. Qf3 Qe2 25. Qf5 Qb5 26. Nf6+ Bxf6 27. gxf6
g6 28. Qg5 Qxd5+ 29. Kg1 Rxc2 30. Re1 Qe6 31. Qh4 Rxb2 32. Bg5 Qf5 33. Be3 Rb1
34. Bc1 h5 35. Rc3 Rc8 36. Rxc8+ Qxc8 37. Qg5 Be2 38. f3 Qc5+ 39. Kg2 Bxf3+ 40.
Kxf3 e4+ 41. Rxe4 Rb3+ 42. Ke2 Qc2+ 43. Kf1 Rf3+ 44. Kg1 Qd1+ 45. Kg2 Qf1# {
deadflower checkmated} 0-1

[Event "ICS rated blitz match"]
[Site "204.178.125.65"]
[Date "2001.07.05"]
[Round "?"]
[White "Hossa"]
[Black "Amateur"]
[Result "0-1"]
[WhiteElo "2611"]
[BlackElo "2499"]
[PlyCount "116"]
[EventDate "2001.??.??"]

1. Nf3 c5 2. e4 Nf6 3. e5 Ng4 4. h3 Nh6 5. Bc4 d5 6. exd6 Qxd6 7. O-O Nd7 8. d4
cxd4 9. Nxd4 Nb6 10. Bd3 Bd7 11. Nb5 Qb8 12. Qe2 Nf5 13. N1c3 a6 14. Rd1 e5 15.
Bxf5 Bxf5 16. Nd4 Bg6 17. f4 Bc5 18. fxe5 O-O 19. Kh1 Qc7 20. Nf3 Rae8 21. a4
Qc6 22. Nh4 Bb4 23. Nxg6 fxg6 24. Na2 Bd6 25. e6 Rf6 26. Nc3 Rfxe6 27. Qf2 Rf8
28. Qh4 Be5 29. Rd8 Rxd8 30. Qxd8+ Re8 31. Qd3 Bxc3 32. bxc3 Re1+ 33. Kh2 Qc7+
34. g3 Qc6 35. g4 Rh1+ 36. Kg3 Rg1+ 37. Kf4 g5+ 38. Ke3 Rg3+ 39. Kd2 Rxd3+ 40.
cxd3 Qg2+ 41. Kd1 Qxh3 42. Kc2 Qxg4 43. a5 Nd5 44. Bd2 h5 45. c4 Nf4 46. Ra3 h4
47. Bxf4 gxf4 48. Kc3 f3 49. Ra1 f2 50. Rb1 Qg1 51. Rxg1 fxg1=Q 52. d4 Qe3+ 53.
Kc2 Qxd4 54. Kb3 h3 55. c5 h2 56. Kc2 h1=Q 57. Kb3 Qhd1+ 58. Ka3 Q1a4# {
Hossa checkmated} 0-1

[Event "ICS rated blitz match"]
[Site "204.178.125.65"]
[Date "2001.07.05"]
[Round "?"]
[White "Hossa"]
[Black "ChesterX"]
[Result "0-1"]
[WhiteElo "2590"]
[BlackElo "2850"]
[PlyCount "90"]
[EventDate "2001.??.??"]

1. d4 Nf6 2. Nf3 d5 3. c4 c6 4. cxd5 cxd5 5. Nc3 Nc6 6. e3 e6 7. Bd2 Bd6 8. Be2
O-O 9. O-O Bd7 10. Rc1 Rc8 11. Nb5 Bb8 12. Ng5 a6 13. Nc3 h6 14. Nf3 b5 15. a4
b4 16. Nb1 Qb6 17. b3 e5 18. dxe5 Nxe5 19. Nd4 Bd6 20. Rxc8 Rxc8 21. Bc1 Bc7
22. Kh1 Ne4 23. f3 Nc3 24. Nxc3 bxc3 25. Ba3 Nc6 26. Nc2 Qxb3 27. Bxa6 Rd8 28.
Bb5 Bf5 29. Bxc6 Bxc2 30. Qa1 Bd3 31. Rc1 c2 32. Be7 Rb8 33. Qd4 Qb1 34. Ba3
Bd6 35. h3 Rb3 36. Qh4 Rxa3 37. Qd8+ Kh7 38. Qxd6 Qxc1+ 39. Kh2 Ra1 40. Qc5
Qh1+ 41. Kg3 Rg1 42. Qxc2 Bxc2 43. Kh4 g5+ 44. Kh5 Bg6+ 45. Kg4 Rxg2# {
Hossa checkmated} 0-1